| 000 | 00342nam a2200133Ia 4500 | ||
|---|---|---|---|
| 999 |
_c14353 _d14353 |
||
| 003 | OSt | ||
| 005 | 20260215115941.0 | ||
| 008 | 260210s9999 xx 000 0 und d | ||
| 020 | _a9788192156804 | ||
| 082 | _a720.1 | ||
| 245 | 0 | _aLetters to a Young Architect | |
| 260 | _b Christopher Charles Benninger Architects Pvt. Ltd | ||
| 942 |
_cUG _2ddc |
||